<?xml version="1.0" encoding="UTF-8"?>
<collection xmlns="http://www.loc.gov/MARC21/slim">
 <record>
  <leader>01477nam a2200289 a 4500</leader>
  <controlfield tag="001">13031142</controlfield>
  <controlfield tag="008">091231s2002    dcu      b    000 0 eng d</controlfield>
  <datafield tag="010" ind1=" " ind2=" ">
   <subfield code="a">\\2002728396</subfield>
  </datafield>
  <datafield tag="020" ind1=" " ind2=" ">
   <subfield code="a">0821350684</subfield>
  </datafield>
  <datafield tag="020" ind1=" " ind2=" ">
   <subfield code="a">9780821350683</subfield>
  </datafield>
  <datafield tag="040" ind1=" " ind2=" ">
   <subfield code="a">DJB</subfield>
   <subfield code="c">DJB</subfield>
   <subfield code="d">DLC</subfield>
   <subfield code="d">BD-DhAAL</subfield>
  </datafield>
  <datafield tag="082" ind1="0" ind2="0">
   <subfield code="a">307.14</subfield>
   <subfield code="2">21</subfield>
  </datafield>
  <datafield tag="245" ind1="0" ind2="0">
   <subfield code="a">Understanding and measuring social capital :</subfield>
   <subfield code="b">a multidisciplinary tool for practitioners /</subfield>
   <subfield code="c">Christiaan Grootaert and Thierry van Bastelaer, editors.</subfield>
  </datafield>
  <datafield tag="260" ind1=" " ind2=" ">
   <subfield code="a">Washington, D.C. :</subfield>
   <subfield code="b">World Bank,</subfield>
   <subfield code="c">c2002.</subfield>
  </datafield>
  <datafield tag="300" ind1=" " ind2=" ">
   <subfield code="a">xii, 304 pages :</subfield>
   <subfield code="b">illustrations ;</subfield>
   <subfield code="c">23 cm. </subfield>
  </datafield>
  <datafield tag="490" ind1="0" ind2=" ">
   <subfield code="a">Directions in development (Washington, D.C.)</subfield>
  </datafield>
  <datafield tag="504" ind1=" " ind2=" ">
   <subfield code="a">Includes bibliographical references and index.</subfield>
  </datafield>
  <datafield tag="541" ind1="1" ind2=" ">
   <subfield code="a">Donated By Akbar Ali Khan</subfield>
   <subfield code="e">00010816, 40427</subfield>
  </datafield>
  <datafield tag="650" ind1=" " ind2="0">
   <subfield code="a">Social capital (Sociology)</subfield>
   <subfield code="9">46972</subfield>
  </datafield>
  <datafield tag="700" ind1="1" ind2=" ">
   <subfield code="a">Grootaert, Christiaan,</subfield>
   <subfield code="d">1950-</subfield>
   <subfield code="9">53332</subfield>
  </datafield>
  <datafield tag="700" ind1="1" ind2=" ">
   <subfield code="a">Van Bastelaer, Thierry</subfield>
   <subfield code="9">53333</subfield>
  </datafield>
  <datafield tag="710" ind1="2" ind2=" ">
   <subfield code="a">World Bank.</subfield>
  </datafield>
  <datafield tag="852" ind1="4" ind2=" ">
   <subfield code="a">Ayesha Abed Library</subfield>
   <subfield code="j">General shelf</subfield>
  </datafield>
  <datafield tag="942" ind1=" " ind2=" ">
   <subfield code="2">ddc</subfield>
   <subfield code="c">BK</subfield>
  </datafield>
  <datafield tag="999" ind1=" " ind2=" ">
   <subfield code="c">6589</subfield>
   <subfield code="d">6589</subfield>
  </datafield>
  <datafield tag="952" ind1=" " ind2=" ">
   <subfield code="0">0</subfield>
   <subfield code="1">3</subfield>
   <subfield code="2">ddc</subfield>
   <subfield code="4">0</subfield>
   <subfield code="6">307_140000000000000_CHR</subfield>
   <subfield code="7">0</subfield>
   <subfield code="9">6702</subfield>
   <subfield code="a">BRACUL</subfield>
   <subfield code="b">BRACUL</subfield>
   <subfield code="c">GEN</subfield>
   <subfield code="d">2009-12-31</subfield>
   <subfield code="g">2090.00</subfield>
   <subfield code="l">1</subfield>
   <subfield code="m">1</subfield>
   <subfield code="o">307.14 CHR</subfield>
   <subfield code="p">3010010816</subfield>
   <subfield code="r">2020-02-27</subfield>
   <subfield code="s">2018-09-16</subfield>
   <subfield code="t">1</subfield>
   <subfield code="v">4180.00</subfield>
   <subfield code="w">2009-12-31</subfield>
   <subfield code="y">BK</subfield>
   <subfield code="x">Book lost and cost paid Tk. 3730/- (ID: 15108002, Money Receipt No: 42119, Date: 27-02-2020)</subfield>
  </datafield>
  <datafield tag="952" ind1=" " ind2=" ">
   <subfield code="0">0</subfield>
   <subfield code="1">0</subfield>
   <subfield code="2">ddc</subfield>
   <subfield code="4">0</subfield>
   <subfield code="6">307_140000000000000_CHR</subfield>
   <subfield code="7">1</subfield>
   <subfield code="9">72859</subfield>
   <subfield code="a">BRACUL</subfield>
   <subfield code="b">BRACUL</subfield>
   <subfield code="c">AAKC</subfield>
   <subfield code="d">2023-01-11</subfield>
   <subfield code="e">Donated by Akbar Ali Khan</subfield>
   <subfield code="g">3730.00</subfield>
   <subfield code="l">0</subfield>
   <subfield code="o">307.14 CHR</subfield>
   <subfield code="p">3010040427</subfield>
   <subfield code="r">2023-01-11</subfield>
   <subfield code="t">2</subfield>
   <subfield code="v">3730.00</subfield>
   <subfield code="w">0000-00-00</subfield>
   <subfield code="y">BK</subfield>
  </datafield>
 </record>
</collection>
